Del arte y de la vida (Record no. 107347)

MARC details
000 -LEADER
campo de control de longitud fija 00793nam a2200217 4500
001 - NÚMERO DE CONTROL
campo de control 107347
003 - IDENTIFICADOR DE NÚMERO DE CONTROL
campo de control ES-MaACL
007 - CAMPO FIJO DE DESCRIPCIÓN FÍSICA--INFORMACIÓN GENERAL
campo de control de longitud fija t|
008 - DATOS DE LONGITUD FIJA--INFORMACIÓN GENERAL
campo de control de longitud fija 061121s1981 mx r ||||1| spa d
100 1# - ENTRADA PRINCIPAL--NOMBRE DE PERSONA
Nombre de persona Morra, Umberto.
9 (RLIN) 83659
245 10 - MENCIÓN DEL TÍTULO
Título Del arte y de la vida
Resto del título : coloquios con Berenson /
Mención de responsabilidad, etc. Umberto Morra; traducción de Nadia Piemonte;versión de Carlos Martínez Moreno.
250 ## - MENCION DE EDICION
Mención de edición 2ª. ed. en español.
260 ## - PUBLICACIÓN, DISTRIBUCIÓN, ETC.
Lugar de publicación, distribución, etc. México :
Nombre del editor, distribuidor, etc. Fondo de Cultura Económica,
Fecha de publicación, distribución, etc. 1981.
300 ## - DESCRIPCIÓN FÍSICA
Extensión 240 p. ;
Dimensiones 18 cm.
490 1# - MENCIÓN DE SERIE
Mención de serie Breviarios del Fondo de Cultura Económica ;
Designación de volumen o secuencia 296
700 1# - ENTRADA AGREGADA--NOMBRE PERSONAL
Nombre de persona Piemonte, Nadia.
9 (RLIN) 91917
700 1# - ENTRADA AGREGADA--NOMBRE PERSONAL
Nombre de persona Martínez Moreno, Carlos.
9 (RLIN) 78261
830 0# - PUNTO DE ACCESO ADICIONAL DE SERIE-TÍTULO UNIFORME
Título uniforme Breviarios del Fondo de Cultura Económica ;
Designación de volumen o secuencia 296
9 (RLIN) 179682
852 ## - LOCALIZACIÓN
Ubicación ES-MaACL
Número de control de estantería L-8412
Sublocalización o colección R.109112
Holdings
Estatus retirado Estado de pérdida Estado de daño No para préstamo Biblioteca de origen Biblioteca actual Ubicación en estantería Fecha de adquisición Fuente de adquisición Total de préstamos Signatura topográfica completa Código de barras Visto por última vez Precio de reemplazo Tipo de ítem Koha
        Biblioteca del Ateneo de Madrid Biblioteca del Ateneo de Madrid Depósito 2 17/01/2008     L-8412 1112036 23/02/2023 23/02/2023 Libro impreso